Identify the Language on the World Map #1 - Statistics

General Stats
  • This quiz has been taken 60,118 times
  • The average score is 12 of 18
Answers on the Map
Answers color-coded by a green-red scale on the quiz's map according to % correct below.
 
Answer Stats
Answer % Correct
Yesterday, he went to his job to build a red car.
92%
Hier, il est allé à son travail pour construire une voiture rouge.
84%
Ayer fue a su trabajo para construir un auto rojo.
82%
Ieri è andato al suo lavoro per costruire una macchina rossa.
81%
Gestern ging er zu seiner Arbeit, um ein rotes Auto zu bauen.
80%
Al-bariha dhahaba 'iilaa wazifatih libina'i sayaaratin hamraa'a.
78%
Wczoraj poszedł do swojej pracy, aby zbudować czerwony samochód.
76%
Kinō kare wa akai kuruma o tsukuru tame ni shigoto ni ikimashita.
71%
Gisteren ging hij naar zijn werk om een rode auto te bouwen.
70%
Dün kırmızı bir araba yapmak için işine gitti.
68%
Zuótiān tā qù shàngbān qù zào yí liàng hóngsè de qìchē.
68%
Vchera on poshel na rabotu, chtoby postroit' krasnuyu mashinu.
67%
Eilen hän meni työpaikalleen rakentamaan punaista autoa.
59%
Í gær fór hann í vinnuna sína að smíða rauðan bíl.
59%
I nehinei ua hele ʻo ia i kāna hana e hana i kaʻa ʻulaʻula.
59%
Eoje geuneun ppalgan chaleul mandeulgi wihae jigjang-e gassda.
49%
Jana alienda kazini kwake kujenga gari jekundu.
48%
Kal voh laal rang ki gaadi banaane apne kaam par gaya tha.
47%
No matching quizzes found
Score Distribution
Percent of People with Each Score
Percentile by Number Answered
Your Score History
You have not taken this quiz